000 00708nam a22001937a 4500
999 _c164598
_d164598
005 20190523121820.0
010 _aUR-10141
020 _c400.00
_a9789386624253
035 _aU-8696
037 _bDBAD/PUB
082 _a921.8
100 _aا سلم جا و د ا ں
245 _aکليم عا جز:ا يک شخص ا يک فنکا ر
_cا سلم جا و د ا ں
246 _bKaleem Aajiz :Eik Shakhs Eik Fankaar(Urdu)
_aby Dr. Aslam Jawedan
260 _a Delhi
_bEducational Publishing House
_c2017 ء
270 _a3191،Vakil Street,Kucha Pandit,Lal Kuan,
_bDelhi
_e110006
_k23216162
_l00911123211540
300 _a360ص
_c22 Cm.(bk)
942 _2ddc
_cUR
_h921.8
_mا س ل